000 00579nam a2200205Ia 4500
005 20250326142550.0
008 250326s9999 xx 000 0 und d
020 _a0-87692-62-3
037 _aTextbook
040 _aFMSL
_beng
_cFMSL
041 _aeng
_2eng
084 _aX:9 M8;6
_qFMSL
100 _aDe-cenzo Davida
245 0 _aPersonnel/ Human resource management.
_cDe-cenzo Davida; Robbins S P
250 _a3
260 _aNew Delhi
_bNew Delhi, Prentice Hall of India.
_c1988
300 _a637p
942 _cTB
_hX:9 M8;6
999 _c1295614
_d1295614